Meteorology demystified / (Record no. 10328)

MARC details
000 -LEADER
fixed length control field 00771cam a22002774a 4500
003 - CONTROL NUMBER IDENTIFIER
control field IMU CC
005 - DATE AND TIME OF LATEST TRANSACTION
control field 20260223114937.0
008 - FIXED-LENGTH DATA ELEMENTS--GENERAL INFORMATION
fixed length control field 050901s2006 nyuab b 001 0 eng
015 ## - NATIONAL BIBLIOGRAPHY NUMBER
National bibliography number GBA581475
Source bnb
016 7# - NATIONAL BIBLIOGRAPHIC AGENCY CONTROL NUMBER
Record control number 013300901
Source Uk
020 ## - INTERNATIONAL STANDARD BOOK NUMBER
International Standard Book Number 9780071448482
040 ## - CATALOGING SOURCE
Original cataloging agency IMU CC
041 0# - LANGUAGE CODE
Language code of text/sound track or separate title eng
082 00 - DEWEY DECIMAL CLASSIFICATION NUMBER
Edition number 23
Classification number 551.5
Item number GIB
100 ## - MAIN ENTRY--PERSONAL NAME
Personal name Gibilisco, Stan
9 (RLIN) 4454
245 10 - TITLE STATEMENT
Title Meteorology demystified /
Statement of responsibility, etc. Stan Gibilisco.
260 ## - PUBLICATION, DISTRIBUTION, ETC.
Place of publication, distribution, etc. New Delhi :
Name of publisher, distributor, etc. McGraw-Hill,
Date of publication, distribution, etc. c2006.
300 ## - PHYSICAL DESCRIPTION
Extent xi, 323 p. :
Other physical details ill., maps ;
Dimensions 23 cm.
336 ## - CONTENT TYPE
Content type term text
Content type code txt
Source rdacontent
490 1# - SERIES STATEMENT
Series statement Demystified series
504 ## - BIBLIOGRAPHY, ETC. NOTE
Bibliography, etc. note Includes bibliographical references (p. 317) and index.
650 #0 - SUBJECT ADDED ENTRY--TOPICAL TERM
Topical term or geographic name entry element Meteorology
9 (RLIN) 4455
650 #0 - SUBJECT ADDED ENTRY--TOPICAL TERM
Topical term or geographic name entry element Weather
9 (RLIN) 3344
856 ## - ELECTRONIC LOCATION AND ACCESS
Link text BK
942 ## - ADDED ENTRY ELEMENTS (KOHA)
Koha item type Books
Source of classification or shelving scheme Dewey Decimal Classification
Holdings
Withdrawn status Lost status Source of classification or shelving scheme Damaged status Not for loan Home library Current library Shelving location Date acquired Source of acquisition Cost, normal purchase price Total Checkouts Full call number Barcode Date last seen Price effective from Koha item type
    Dewey Decimal Classification     IMU Chennai Uthandi Library IMU Chennai Uthandi Library General Stacks 29/10/2025 M/s.Shanti Books; 2603 Dt.03.10.2025 1905.00   551.5 GIB 23968 29/10/2025 29/10/2025 Books
    Dewey Decimal Classification     IMU Chennai Uthandi Library IMU Chennai Uthandi Library General Stacks 29/10/2025 M/s.Shanti Books; 2603 Dt.03.10.2025 1905.00   551.5 GIB 23969 29/10/2025 29/10/2025 Books
    Dewey Decimal Classification     IMU Chennai Uthandi Library IMU Chennai Uthandi Library General Stacks 29/10/2025 M/s.Shanti Books; 2603 Dt.03.10.2025 1905.00   551.5 GIB 23970 29/10/2025 29/10/2025 Books
    Dewey Decimal Classification     IMU Chennai Uthandi Library IMU Chennai Uthandi Library General Stacks 29/10/2025 M/s.Shanti Books; 2603 Dt.03.10.2025 1905.00   551.5 GIB 23971 29/10/2025 29/10/2025 Books
    Dewey Decimal Classification     IMU Chennai Uthandi Library IMU Chennai Uthandi Library General Stacks 29/10/2025 M/s.Shanti Books; 2603 Dt.03.10.2025 1905.00   551.5 GIB 23972 29/10/2025 29/10/2025 Books
Copyright © 2024. Central Library, Indian Maritime University, Chennai Campus
Koha version: 24.05.03